000 00307nam a22001217a 4500
040 _cHS
082 _a570
100 _aDUK CHHENG
245 _aទំរនិងការបញ្ចូនពត៌មានសេនេទិច
260 _aRUA
_bឌុក ឆេង
_c1994
300 _a24p;
942 _cKB
999 _c8849
_d8849